| 000 | 00637nam a2200217Ia 4500 | ||
|---|---|---|---|
| 003 | OSt | ||
| 005 | 20220923211737.0 | ||
| 006 | a|||||r|||| 00| 0 | ||
| 007 | ta | ||
| 008 | Pun | ||
| 024 | _a43,922 | ||
| 037 | _cTextual | ||
| 040 |
_aARTS _cARTS _bPun |
||
| 041 |
_2Pun _aPun |
||
| 082 | _aU8.491, 153J4 | ||
| 100 | _aਸਿੰਘ, ਗੰਡਾ | ||
| 245 | 0 | _aਅਖ਼ਗਾਨਿਸਤਾਨ ਵਿੱਚ ਇਕ ਮਹੀਨਾ | |
| 260 |
_aਪਟਿਆਲਾ _b ਸਿਖ ਹਿਸਟਰੀ ਸੋਸਾਇਟੀ _c1954 |
||
| 942 |
_hU8.491, 153J4 _cTEXL _2CC |
||
| 999 |
_c303075 _d303075 |
||